[Event "SVK-chT4 A22 1718"]
[Site "Slovakia"]
[Date "2018.01.14"]
[Round "7.1"]
[White "Hornik, Andrej"]
[Black "Szabo, Viktor"]
[Result "1/2-1/2"]
[WhiteElo "1718"]
[BlackElo "1512"]
[PlyCount "92"]
[EventDate "2017.10.01"]
[EventType "team-tourn"]
[EventRounds "11"]
[EventCountry "SVK"]
[SourceTitle "EXT 2020"]
[Source "ChessBase"]
[SourceDate "2019.10.17"]
[SourceVersion "1"]
[SourceVersionDate "2019.10.17"]
[SourceQuality "1"]

1. e4 c5 2. Nf3 Nc6 3. d4 cxd4 4. Nxd4 e5 5. Nf3 Nf6 6. Bd3 Bc5 7. 0-0 0-0 8. Nc3 h6 9. b3 a6 10. Bb2 Re8 11. Nd5 d6 12. h3 Nb4 13. Bc4 b5 14. Nxf6+ Qxf6 15. Bd5 Ra7 16. a3 Nxd5 17. Qxd5 Bxh3 18. Bxe5 Qg6 19. Nh4 Qg5 20. Bxd6 Bxd6 21. Qxd6 Qxh4 22. gxh3 Qxh3 23. f3 Rd7 24. Qh2 Qxh2+ 25. Kxh2 Rd2+ 26. Kg3 Rxc2 27. Rfc1 Rec8 28. Rxc2 Rxc2 29. b4 Rc3 30. Kg4 Rc4 31. Kf5 Kf8 32. f4 Ke7 33. e5 g6+ 34. Kg4 Ke6 35. Rd1 Rc6 36. Rd3 f6 37. exf6 Kxf6 38. Kg3 h5 39. Kf3 g5 40. fxg5+ Kxg5 41. Kg3 Rf6 42. Rd5+ Rf5 43. Rd4 Re5 44. Rd3 Kf5 45. Rf3+ Kg5 46. Rd3 Kf5 1/2-1/2

[Event "SVK-chT4 A22 1617"]
[Site "Slovakia"]
[Date "2017.02.12"]
[Round "9.6"]
[White "Hornik, Andrej"]
[Black "Hornak, Pavol"]
[Result "1-0"]
[WhiteElo "1797"]
[BlackElo "1825"]
[PlyCount "91"]
[EventDate "2016.10.09"]
[EventType "team-tourn"]
[EventRounds "11"]
[EventCountry "SVK"]
[SourceTitle "EXT 2020"]
[Source "ChessBase"]
[SourceDate "2019.10.17"]
[SourceVersion "1"]
[SourceVersionDate "2019.10.17"]
[SourceQuality "1"]

1. e4 c5 2. Nf3 a6 3. d4 cxd4 4. Nxd4 Nf6 5. Nc3 e5 6. Nf3 Bb4 7. Qd3 d6 8. Bd2 0-0 9. Be2 Nc6 10. 0-0 Bg4 11. Rad1 Bxf3 12. Bxf3 Nd4 13. Rfe1 h6 14. Ne2 Nxf3+ 15. Qxf3 Qb6 16. c3 Bc5 17. b4 Bxf2+ 18. Qxf2 Qxf2+ 19. Kxf2 Nxe4+ 20. Kg1 Rac8 21. a3 b5 22. Bc1 Rfd8 23. Bb2 f6 24. Rd3 Kf7 25. Kf1 Rc6 26. Nd4 exd4 27. Rxe4 dxc3 28. Rxc3 Rxc3 29. Bxc3 Rc8 30. Re3 Rc4 31. Ke2 Rc6 32. Kd3 Rc4 33. Re4 Rxe4 34. Kxe4 Ke6 35. g4 d5+ 36. Kd4 Kd6 37. Bd2 g5 38. Be1 Ke6 39. Bg3 f5 40. gxf5+ Kxf5 41. Kxd5 h5 42. Kc6 Ke4 43. Kb6 Kd5 44. Kxa6 Kc6 45. Ka5 h4 46. Be5 1-0

[Event "SVK-chT3B2 1617"]
[Site "Slovakia"]
[Date "2016.11.27"]
[Round "4.7"]
[White "Hornik, Andrej"]
[Black "Kallo, Juraj"]
[Result "0-1"]
[WhiteElo "1286"]
[BlackElo "1482"]
[PlyCount "76"]
[EventDate "2016.10.16"]
[EventType "team-tourn"]
[EventRounds "11"]
[EventCountry "SVK"]
[SourceTitle "EXT 2018"]
[Source "ChessBase"]
[SourceDate "2017.10.13"]
[SourceVersion "1"]
[SourceVersionDate "2017.10.13"]
[SourceQuality "1"]
[WhiteTeam "Dubnica nad Vahom IV"]
[BlackTeam "Povazske Podhradie II"]
[WhiteTeamCountry "SVK"]
[BlackTeamCountry "SVK"]

1. e4 d6 2. Nf3 Nf6 3. d3 g6 4. c4 Bg7 5. Nc3 c6 6. h3 0-0 7. Be2 Na6 8. a3 Nc7 9. 0-0 Bd7 10. b4 b5 11. cxb5 Nxb5 12. Nxb5 cxb5 13. Bb2 Rc8 14. Qd2 Qb6 15. Rac1 Qb8 16. Nh2 e5 17. f4 Bh6 18. Rce1 Bxf4 19. Rxf4 exf4 20. Qxf4 Ne8 21. Rf1 Rc2 22. Bd4 Rxe2 23. Qh6 d5 24. Nf3 Qg3 25. Nh4 Bxh3 26. Rf2 Re1+ 27. Rf1 Rxf1+ 28. Kxf1 Qxd3+ 29. Ke1 Qxd4 30. Nf3 Qxe4+ 31. Kf2 Bxg2 32. Kxg2 d4 33. Kh2 Ng7 34. Ng5 Qf4+ 35. Kh3 Qg3+ 36. Kxg3 Nf5+ 37. Kf3 Nxh6 38. Ke4 Rd8 0-1

[Event "SVK-chT4 A22 1617"]
[Site "Slovakia"]
[Date "2016.10.23"]
[Round "2.4"]
[White "Uvacek, Radovan"]
[Black "Hornik, Andrej"]
[Result "1-0"]
[WhiteElo "1747"]
[BlackElo "1778"]
[PlyCount "91"]
[EventDate "2016.10.09"]
[EventType "team-tourn"]
[EventRounds "11"]
[EventCountry "SVK"]
[SourceTitle "EXT 2020"]
[Source "ChessBase"]
[SourceDate "2019.10.17"]
[SourceVersion "1"]
[SourceVersionDate "2019.10.17"]
[SourceQuality "1"]

1. e4 e5 2. Nf3 Nc6 3. Nc3 Nf6 4. d4 exd4 5. Nxd4 Nxd4 6. Qxd4 d6 7. Bc4 Be7 8. 0-0 0-0 9. Be3 Bd7 10. Nd5 Nxd5 11. exd5 b6 12. Rab1 Bg5 13. f4 Bf6 14. Qd3 g6 15. f5 Bxf5 16. Rxf5 gxf5 17. Qxf5 Bg7 18. Bd3 Re8 19. Qxh7+ Kf8 20. Bh6 Re5 21. Bxg7+ Ke7 22. Bxe5 dxe5 23. Qh4+ f6 24. c4 a5 25. Rf1 Qh8 26. Qg4 Qg8 27. Qf5 Qf7 28. Rf3 Rg8 29. Rh3 Rg7 30. Qc8 Kd6 31. Qf5 Ke7 32. g4 Qg8 33. Rg3 Rg5 34. Qh7+ Qxh7 35. Bxh7 Kd6 36. h3 Kc5 37. b3 Kb4 38. a4 Kc5 39. Kf2 Kd4 40. Rd3+ Kc5 41. Kg3 Rg7 42. Bf5 Kd6 43. Rf3 c6 44. dxc6 Kxc6 45. Be4+ Kc5 46. Rxf6 1-0

[Event "SVK-chT3B2 1516"]
[Site "Slovakia"]
[Date "2016.02.07"]
[Round "7.6"]
[White "Hornik, Andrej"]
[Black "Duda, Daniel"]
[Result "0-1"]
[WhiteElo "1306"]
[BlackElo "1596"]
[PlyCount "110"]
[EventDate "2015.10.11"]
[EventType "team-tourn"]
[EventRounds "11"]
[EventCountry "SVK"]
[SourceTitle "CBM 170 Extra"]
[Source "ChessBase"]
[SourceDate "2016.02.25"]
[SourceVersion "1"]
[SourceVersionDate "2016.02.25"]
[SourceQuality "1"]
[WhiteTeam "Dubnica nad Vahom IV"]
[BlackTeam "Dubnica nad Vahom III"]
[WhiteTeamCountry "SVK"]
[BlackTeamCountry "SVK"]

1. e4 c6 2. Nf3 d5 3. d3 dxe4 4. dxe4 Qxd1+ 5. Kxd1 Bg4 6. Be2 e6 7. Kd2 Nd7 8. Rd1 0-0-0 9. Ke1 Be7 10. Kf1 h6 11. h3 Bh5 12. Nc3 g5 13. g4 Bg6 14. Ne1 h5 15. Rd3 hxg4 16. Bxg4 f5 17. exf5 exf5 18. Be2 f4 19. Rd2 Rxh3 20. Bg4 Rh7 21. a3 Ngf6 22. Be6 Rdh8 23. Nf3 g4 24. Ne5 Rh1+ 25. Ke2 f3+ 26. Ke3 Re1+ 27. Kf4 Nh5+ 28. Kxg4 Rxe5 29. Bxd7+ Kc7 30. b4 Nf6+ 31. Kxf3 Nxd7 32. Bb2 Rf8+ 33. Kg2 Rh5 34. Rh1 Rg5+ 35. Kf1 Ne5 36. Nb5+ cxb5 37. Bxe5+ Rxe5 38. Re2 Rxe2 39. Kxe2 Bxc2 40. Rf1 Bb3 41. Ke1 Bf6 42. f3 Bc4 43. Rh1 Kd6 44. Rh6 Kd5 45. Kf2 Kd4 46. Kg3 Bd5 47. Kg4 Be5 48. Rh7 Rxf3 49. Rh3 Rf4+ 50. Kg5 Ke4 51. Rh6 Rf3 52. Rh4+ Ke3 53. Rg4 Be6 54. Rg2 Rf8 55. Kh6 Rh8+ 0-1

[Event "SVK-chT4 A22 1516"]
[Site "Slovakia"]
[Date "2016.01.24"]
[Round "7.2"]
[White "Hornik, Andrej"]
[Black "Matis, Daniel"]
[Result "1-0"]
[WhiteElo "1766"]
[BlackElo "1616"]
[PlyCount "61"]
[EventDate "2015.10.04"]
[EventType "team-tourn"]
[EventRounds "11"]
[EventCountry "SVK"]
[SourceTitle "EXT 2020"]
[Source "ChessBase"]
[SourceDate "2019.10.17"]
[SourceVersion "1"]
[SourceVersionDate "2019.10.17"]
[SourceQuality "1"]

1. e4 e5 2. Nf3 Nc6 3. Bc4 Bc5 4. c3 Nf6 5. d4 exd4 6. cxd4 Bb6 7. e5 Ng8 8. 0-0 Nge7 9. Bg5 h6 10. Be3 d5 11. exd6 Qxd6 12. d5 Bxe3 13. fxe3 Ne5 14. Nxe5 Qxe5 15. Qb3 0-0 16. Nd2 Nf5 17. Rae1 Bd7 18. Nf3 Qf6 19. e4 Nd4 20. e5 Nxf3+ 21. Qxf3 Qg6 22. Qb3 b5 23. Bd3 Qh5 24. e6 fxe6 25. dxe6 Bc6 26. e7+ Bd5 27. Rxf8+ Rxf8 28. exf8Q+ Kxf8 29. Qxb5 c6 30. Qb8+ Kf7 31. Qe8+ 1-0

[Event "SVK-chT4 A22 1415"]
[Site "Slovakia"]
[Date "2015.03.15"]
[Round "11.6"]
[White "Slezak, Rudolf"]
[Black "Hornik, Andrej"]
[Result "1-0"]
[WhiteElo "1632"]
[BlackElo "1674"]
[PlyCount "65"]
[EventDate "2014.10.12"]
[EventType "team-tourn"]
[EventRounds "11"]
[EventCountry "SVK"]
[SourceTitle "EXT 2019"]
[Source "ChessBase"]
[SourceDate "2018.10.10"]
[SourceVersion "1"]
[SourceVersionDate "2018.10.10"]
[SourceQuality "1"]

1. Nf3 Nc6 2. d4 d5 3. c4 Nf6 4. Nc3 e6 5. e3 b6 6. cxd5 Nxd5 7. Bb5 Bb7 8. Ne5 Nde7 9. Qa4 Qd6 10. 0-0 a6 11. Bxc6+ Bxc6 12. Nxc6 Qxc6 13. Qb3 Nd5 14. Bd2 Nxc3 15. Bxc3 Qd5 16. Qc2 Bd6 17. e4 Qb7 18. Qe2 0-0 19. Rad1 Rae8 20. e5 Be7 21. Rd3 Qd5 22. a3 Rd8 23. Rfd1 a5 24. Qg4 g6 25. h4 Kg7 26. h5 Qc4 27. Rh3 Rd5 28. hxg6 hxg6 29. Qf4 Rh8 30. Rxh8 Kxh8 31. Qxf7 Rd7 32. Qe8+ Bf8 33. Qxd7 1-0

[Event "SVK-chT4 A22 1415"]
[Site "Slovakia"]
[Date "2015.01.18"]
[Round "7.5"]
[White "Hornik, Andrej"]
[Black "Tupy, Bystrik"]
[Result "1/2-1/2"]
[WhiteElo "1674"]
[BlackElo "1782"]
[PlyCount "129"]
[EventDate "2014.10.12"]
[EventType "team-tourn"]
[EventRounds "11"]
[EventCountry "SVK"]
[SourceTitle "EXT 2019"]
[Source "ChessBase"]
[SourceDate "2018.10.10"]
[SourceVersion "1"]
[SourceVersionDate "2018.10.10"]
[SourceQuality "1"]

1. e4 e5 2. Nf3 Nf6 3. Nc3 Nc6 4. d3 Bb4 5. Bd2 d6 6. Be2 Bg4 7. 0-0 0-0 8. h3 Bxf3 9. Bxf3 Nd4 10. a3 Nxf3+ 11. Qxf3 Bxc3 12. Bxc3 Re8 13. Bd2 Nd7 14. Qg3 Qf6 15. Rab1 b6 16. f4 Qg6 17. Qxg6 fxg6 18. fxe5 Nxe5 19. Rf2 Rf8 20. Rbf1 h6 21. Bc3 c5 22. Bxe5 dxe5 23. Rf3 Rxf3 24. Rxf3 Re8 25. Kf2 Re6 26. Ke3 Rf6 27. c3 Kf7 28. d4 exd4+ 29. cxd4 cxd4+ 30. Kxd4 Ke6 31. b4 a6 32. a4 g5 33. a5 bxa5 34. bxa5 h5 35. Kc5 Rg6 36. Rf5 h4 37. Rd5 Ke7 38. e5 Re6 39. Kd4 Rg6 40. Ke4 Rc6 41. Kf5 Rc2 42. Kxg5 Rxg2+ 43. Kxh4 Ke6 44. Rc5 Kf5 45. Rc6 Kxe5 46. Rxa6 Kf4 47. Rb6 Ra2 48. a6 Ra5 49. Rg6 Ra3 50. Rg4+ Kf5 51. Rxg7 Rxa6 52. Kh5 Ra8 53. Rf7+ Ke6 54. Rf3 Rh8+ 55. Kg5 Ke7 56. Kg6 Rh4 57. Kg5 Rh8 58. h4 Rf8 59. Re3+ Kf7 60. h5 Kg8 61. h6 Ra8 62. Re6 Rb8 63. Kg6 Ra8 64. Re7 Ra6+ 65. Kg5 1/2-1/2

[Event "SVK-chT3A2 1415"]
[Site "Slovakia"]
[Date "2014.11.16"]
[Round "3.6"]
[White "Capanda, Jan"]
[Black "Hornik, Andrej"]
[Result "1-0"]
[WhiteElo "1762"]
[BlackElo "1674"]
[PlyCount "117"]
[EventDate "2014.10.19"]
[EventType "team-tourn"]
[EventRounds "11"]
[EventCountry "SVK"]
[SourceTitle "EXT 2019"]
[Source "ChessBase"]
[SourceDate "2018.10.10"]
[SourceVersion "1"]
[SourceVersionDate "2018.10.10"]
[SourceQuality "1"]

1. e4 e5 2. Nf3 Nc6 3. Bc4 Bc5 4. Nc3 Nf6 5. d3 h6 6. a3 d6 7. h3 0-0 8. Na4 Bb6 9. Nxb6 axb6 10. 0-0 Re8 11. Nh2 Qe7 12. f4 exf4 13. Bxf4 Ne5 14. Ba2 Ng6 15. Bd2 Be6 16. Qf3 Bxa2 17. Rxa2 d5 18. exd5 Qc5+ 19. Kh1 Qxd5 20. Raa1 Qxf3 21. Nxf3 Nd5 22. Rf2 c5 23. Raf1 f6 24. Ng1 Re6 25. Ne2 Rae8 26. Nc3 Nxc3 27. Bxc3 Re2 28. Kh2 R8e3 29. Bd2 Re6 30. g3 Ne5 31. Kg2 Nc6 32. Rxe2 Rxe2+ 33. Rf2 Rxf2+ 34. Kxf2 Kf7 35. Ke3 Nd4 36. c3 Nf5+ 37. Kf4 Ke6 38. g4 g5+ 39. Ke4 Nd6+ 40. Kf3 f5 41. Be3 f4 42. Bf2 Kd5 43. b4 c4 44. dxc4+ Nxc4 45. a4 Nd2+ 46. Ke2 Ne4 47. Bd4 Kc4 48. Bg7 Ng3+ 49. Kf3 h5 50. Bf6 hxg4+ 51. hxg4 Nf1 52. Bxg5 Kxc3 53. Bxf4 Kxb4 54. g5 Kxa4 55. g6 b5 56. g7 b4 57. g8Q b3 58. Qc4+ Ka3 59. Qxf1 1-0

[Event "SVK-chT4 A22 1415"]
[Site "Slovakia"]
[Date "2014.11.09"]
[Round "3.3"]
[White "Lukacovic, Miroslav"]
[Black "Hornik, Andrej"]
[Result "0-1"]
[WhiteElo "1969"]
[BlackElo "1674"]
[PlyCount "76"]
[EventDate "2014.10.12"]
[EventType "team-tourn"]
[EventRounds "11"]
[EventCountry "SVK"]
[SourceTitle "EXT 2019"]
[Source "ChessBase"]
[SourceDate "2018.10.10"]
[SourceVersion "1"]
[SourceVersionDate "2018.10.10"]
[SourceQuality "1"]

1. d4 d5 2. c4 c6 3. Nf3 Nf6 4. Nc3 e6 5. g3 Bd6 6. Bg2 dxc4 7. a4 Bb4 8. 0-0 Bxc3 9. bxc3 Nd5 10. Qc2 b5 11. e4 Nb6 12. axb5 cxb5 13. d5 0-0 14. Nd4 a6 15. Be3 Bd7 16. Rfd1 Re8 17. dxe6 fxe6 18. Nxb5 e5 19. Nd6 Rf8 20. Rab1 Ba4 21. Qd2 Bxd1 22. Bxb6 Qf6 23. Qd5+ Kh8 24. Qxa8 Bc2 25. Bc5 Bxb1 26. Nf7+ Qxf7 27. Bxf8 Qxf8 28. Qd5 Bd3 29. Qxe5 Nd7 30. Qa5 Qb8 31. h4 Qb6 32. Qd5 Nf6 33. Qa8+ Ng8 34. Qc8 Qb1+ 35. Kh2 Qe1 36. f4 Qxc3 37. e5 Qc2 38. Qa8 Bf1 0-1

[Event "SVK-chT4 A22 1415"]
[Site "Slovakia"]
[Date "2014.10.26"]
[Round "2.5"]
[White "Kosar, Mikulas1111"]
[Black "Hornik, Andrej"]
[Result "0-1"]
[WhiteElo "1701"]
[BlackElo "1674"]
[PlyCount "78"]
[EventDate "2014.10.12"]
[EventType "team-tourn"]
[EventRounds "11"]
[EventCountry "SVK"]
[SourceTitle "EXT 2019"]
[Source "ChessBase"]
[SourceDate "2018.10.10"]
[SourceVersion "1"]
[SourceVersionDate "2018.10.10"]
[SourceQuality "1"]

1. e4 e5 2. Nf3 Nc6 3. Nc3 Nf6 4. a3 d6 5. d4 Bg4 6. dxe5 Nxe5 7. Be2 Be7 8. Bf4 Nxf3+ 9. Bxf3 Bxf3 10. Qxf3 Qd7 11. h3 a6 12. 0-0 0-0 13. Qe3 Qe6 14. Rad1 Rfd8 15. Rd2 b5 16. Rfd1 c6 17. Qf3 Rd7 18. Qe3 d5 19. e5 Nh5 20. Bh2 g6 21. Ne2 f6 22. g4 Ng7 23. Nd4 Bc5 24. b4 Bb6 25. Qc3 Bxd4 26. Qxd4 Rf7 27. Re1 Re8 28. Rde2 fxe5 29. Rxe5 Qc8 30. Rxe8+ Nxe8 31. Qe5 Nf6 32. g5 Ne4 33. Re2 Rf5 34. Qe7 Rxg5+ 35. Kh1 Qxh3 36. Qe8+ Kg7 37. Qe7+ Kh6 38. Qf8+ Kh5 39. Re1 Qg2# 0-1

[Event "Bratislava Rintel Memorial 41st"]
[Site "Bratislava"]
[Date "2014.08.22"]
[Round "2"]
[White "Macko, Miroslav"]
[Black "Hornik, Andrej"]
[Result "1-0"]
[WhiteElo "1927"]
[BlackElo "1569"]
[PlyCount "95"]
[EventDate "2014.08.22"]
[EventType "swiss"]
[EventRounds "9"]
[EventCountry "SVK"]
[SourceTitle "EXT 2023"]
[Source "ChessBase"]
[SourceDate "2022.10.05"]
[SourceVersion "1"]
[SourceVersionDate "2022.10.05"]
[SourceQuality "1"]

1. e4 e5 2. Nf3 Nc6 3. d4 exd4 4. Nxd4 Nxd4 5. Qxd4 d6 6. Nc3 Nf6 7. Be3 Be7 8. 0-0-0 0-0 9. h3 a6 10. g4 h6 11. f4 b5 12. Be2 c5 13. Qd3 b4 14. Nb1 Be6 15. g5 hxg5 16. fxg5 Nxe4 17. Qxe4 Bxg5 18. Rhg1 Bf5 19. Bxg5 Bxe4 20. Bxd8 Rfxd8 21. Nd2 Bf5 22. Bg4 Bxg4 23. hxg4 a5 24. Ne4 d5 25. Nxc5 Ra7 26. Rd4 Rc7 27. Nd3 Rdc8 28. Rg2 Rd8 29. Rd2 Rc4 30. Nf4 Re8 31. Kd1 Re4 32. Rxe4 dxe4 33. Ke2 Kh7 34. Ke3 Kh6 35. b3 Rc3+ 36. Kxe4 Kg5 37. Nd5 Rg3 38. Ne3 g6 39. Rd5+ Kh4 40. Rxa5 Rxg4+ 41. Nxg4 Kxg4 42. Ke3 f5 43. Kf2 Kh3 44. Rb5 Kh2 45. Rxb4 g5 46. Rb5 g4 47. Rxf5 g3+ 48. Kf3 1-0